[Event "Augustow op"]
[Site "Augustow"]
[Date "2004.??.??"]
[Round "4"]
[White "Bukowski, Adrian"]
[Black "Wisniewski, Dominik"]
[Result "1-0"]
[WhiteElo "1600"]
[BlackElo "1600"]
[PlyCount "39"]
[EventDate "2004.08.??"]
[EventType "swiss"]
[EventRounds "9"]
[EventCountry "POL"]
[SourceTitle "EXT 2008"]
[Source "ChessBase"]
[SourceDate "2007.11.25"]
[SourceVersion "1"]
[SourceVersionDate "2007.11.25"]
[SourceQuality "1"]

1. e4 e5 2. Nf3 Nc6 3. Bc4 h6 4. Nc3 Bc5 5. d3 Nf6 6. 0-0 0-0 7. Be3 d6 8. a3 Be6 9. b4 Bb6 10. Nd5 Bxd5 11. Bxd5 Qd7 12. Bb3 Qe7 13. Nh4 Rfd8 14. Qd2 g5 15. Nf5 Qf8 16. Bxg5 Kh7 17. Bxf6 Rd7 18. Bg7 Qe7 19. Qxh6+ Kg8 20. Qh8# 1-0